000 00708nam a22002297a 4500
999 _c34261
_d34261
001 3614
003 CO-MdFUSB
005 20180622073139.0
008 180321t1953 xxu||||| |||| 00| 0 eng d
040 _aCO-MdFUSB
_bspa
_cCO-MdFUSB
_dCO-MdFUSBC
_erda
041 0 _aeng
082 0 4 _aG 227.5 M1533g
100 1 _aMackay, Juan A. (Alexander) (1889-)
_eautor
245 1 0 _aGod's Order
_b : The Ephesians letter and this present time
_c / John A. Mackay
264 4 _aNew York, USA :
_b MacMillan,
_c©1953
300 _a214 Pag
336 _2rdacontent
_atexto
_btxt
337 _2rdamedia
_asin mediación
_bn
338 _2rdacarrier
_avolumen
_bnc
653 _aTeología bíblica N.T. - Efesios
942 _cBK